Name a Valid Classical Composer #3 - Statistics

General Stats
  • This quiz has been taken 150 times
    138 since last reset
  • The average score is 4 of 10
Answer Stats
Name a valid composer... Composers % Correct
whose father or mother was also a composer Mozart | Bach | Strauss | Wagner | Berkeley | (etc.)
86%
who wrote 100 or more symphonies Haydn | Molter | Segerstam | Wanhal
78%
who wrote a piece that was completely "silent" Ligeti | Cage | Schulhoff | Ono | Scott | (etc.)
75%
who was European, but not a Christian Mendelssohn | Korngold | Ligeti | Schoenberg |Mahler | (etc.)
47%
who was a member of 'Les Six' Auric | Milhaud | Poulenc | Honegger | Tailleferre |Durey
41%
who is more well known for theirscientific endeavors Herschel | Borodin | Franklin | Wheatstone |Garcia | (etc.)
41%
who wrote a piece involving helicopters or helicopter parts Antheil | Stockhausen
30%
who was entirely self-taught Schumann | Sciarrino | Sorabji | Takemitsu | Borodin
20%
who had a hobby of foraging for mushrooms Cage | Shostakovich | Hálek | Chasalow
17%
who has appeared on the cover of TIME magazine more than once Strauss | Koussevitsky | Stokowski | Paderewski
10%
No matching quizzes found
Score Distribution
Percent of People with Each Score
Percentile by Number Answered
Your Score History
You have not taken this quiz since the last reset